| 000 | 00710cam a2200217 4500 | ||
|---|---|---|---|
| 001 | ABS64062 | ||
| 008 | 000000n2001 000 0 eng u | ||
| 035 | _a(Sirsi) u112549 | ||
| 100 | _aHamson, L | ||
| 245 | _aCountry counsel | ||
| 260 | _c2001 | ||
| 490 |
_aProperty Week _v66(18) 4 May 2001, 36-37(2) |
||
| 520 | _aInterview with the RICS president-in-waiting, rural surveyor Peter Faulkner. Outlines Faulkner's career to date, his preparations for taking on the presidency and his perspective on the foot and mouth crisis. | ||
| 590 | _aABS | ||
| 650 | _aRICS | ||
| 650 | _aRICS PRESIDENT | ||
| 650 | _aRURAL ECONOMY | ||
| 650 | _aFOOT-AND-MOUTH DISEASE | ||
| 690 | _aRICS NEWS | ||
| 942 | _n0 | ||
| 999 |
_c66986 _d66986 |
||